000 00790cam a22002533a 4500
001 21991
003 PGUSA
005 20140828083452.0
008 070703s2007||||xxu|||||s|||||000 | eng d
040 _aPGUSA
_beng
042 _adc
050 4 _aD501
100 1 _aGerard, James W.
_q(James Watson),
_d1867-1951
245 1 0 _aFace to Face with Kaiserism
_h[electronic resource] /
_cJames W. Gerard
260 _bProject Gutenberg,
_c2007
506 _aPublic domain in the USA.
516 _aElectronic text
653 _aWorld War, 1914-1918 -- Germany
653 _aGermany -- Foreign relations -- United States
653 _aUnited States -- Foreign relations -- Germany
830 0 _aProject Gutenberg
_v21991
856 4 0 _uhttp://www.gutenberg.org/ebooks/21991
942 _cEB
999 _c251246
_d251246